LEADER 01090cam0 22003013 450 001 SON0006098 005 20191001133903.0 010 $a8822241274 100 $a20010314d1993 |||||ita|0103 ba 101 $aita 102 $aIT 200 1 $a<<">>Tempo d'aversità"$eGli affreschi dell'Altana di Palazzo Rucellai$fAlessandra Malquori 210 $aFirenze$cLeo S. Olschki$d1993 215 $a112 p.$cill.$d24 cm 225 2 $aQuaderni di Rinascimento$v19 410 1$1001LAEC00017724$12001 $a*Quaderni di Rinascimento$v19 700 1$aMalquori$b, Alessandra$3AF00009936$4070$0474280 801 0$aIT$bUNISOB$c20191001$gRICA 850 $aUNISOB 852 $aUNISOB$j700$m82264 852 $aUNISOB$j700$m81915 912 $aSON0006098 940 $aM 102 Monografia moderna SBN 941 $aM 957 $a700$b001764$gSI$d82264$rACQUISTO$1bethb$2UNISOB$3UNISOB$420140707144510.0$520191001131352.0$6Spinosa 957 $a700$b001701$gSI$d81915$rACQUISTO$1bethb$2UNISOB$3UNISOB$420140707144535.0$520191001133825.0$6bethb 996 $aTempo d'aversità'$9251131 997 $aUNISOB